Quel jour de la semaine pour cette émission ? - Statistiques

Statistiques générales
  • Ce quiz a été pris 37 fois
  • Le résultat moyen est 13 sur 50
Statistiques - réponses
Hint Réponse % Correct
Le Jour du Seigneur 07 Dimanche
91%
Election de Miss France 06 Samedi
81%
Turbo 07 Dimanche
72%
Téléfoot 07 Dimanche
72%
Fort Boyard 06 Samedi
69%
Capital 07 Dimanche
63%
Stade 2 07 Dimanche
59%
Finale dames de Roland Garros 06 Samedi
50%
Concours Eurovision (finale) 06 Samedi
47%
7 sur 7 07 Dimanche
44%
Taratata 05 Vendredi
38%
La dernière séance 02 Mardi
34%
Club Dorothée 03 Mercredi
31%
Thalassa 05 Vendredi
31%
La marche du siècle 03 Mercredi
28%
Envoyé spécial 04 Jeudi
28%
Champs-Elysées 06 Samedi
25%
Graines de star 05 Vendredi
22%
Gym tonic 07 Dimanche
22%
Perdu de vue 01 Lundi
19%
Combien ça coûte ? 01 Lundi
19%
Cartes sur table 03 Mercredi
19%
Cinéma sans visa 03 Mercredi
19%
Au théâtre ce soir 05 Vendredi
19%
Ciné Club 05 Vendredi
19%
Les Enfants du rock 06 Samedi
19%
L'assiette anglaise 06 Samedi
19%
Surprise sur prise 06 Samedi
19%
La Séquence du spectateur 07 Dimanche
19%
Apostrophe 05 Vendredi
16%
Bouillon de culture 05 Vendredi
16%
5 colonnes à la Une 05 Vendredi
16%
Droit de réponse 06 Samedi
16%
Le petit rapporteur 07 Dimanche
16%
Le Monde est à vous 07 Dimanche
16%
Les dossiers de l'écran 02 Mardi
13%
Le Grand échiquier 04 Jeudi
13%
Porte-bonheur 05 Vendredi
13%
Le Divan 05 Vendredi
13%
Le droit de savoir 02 Mardi
9%
Le Monde en face 04 Jeudi
9%
La vie des animaux 06 Samedi
9%
L'Heure de vérité 07 Dimanche
9%
Cinéma de minuit 07 Dimanche
9%
36 chandelles 01 Lundi
6%
Au Cinéma ce soir 04 Jeudi
6%
La une est à vous 06 Samedi
6%
Numéro un 06 Samedi
6%
Karambolage 07 Dimanche
6%
La tête et les jambes 01 Lundi
3%
Aucun quiz correspondant
Distribution des résultats
% des personnes avec chaque résultat
Percentile par nombre de réponses
Votre historique - résultats
Vous n’avez pas pris ce quiz